| 000 | 01482 a2200169 4500 | ||
|---|---|---|---|
| 003 | Nust | ||
| 005 | 20221014122017.0 | ||
| 040 | _cNust | ||
| 082 | _a604.2,LUZ | ||
| 100 |
_aWarren J. Luzadder _913527 |
||
| 245 |
_aFundamentals of Engineering Drawing : _bfor Technical Student and Professional Draftsmen / _cWarren J. Luzadder |
||
| 250 | _a5th ed | ||
| 260 |
_aAmerica _bPrentic-HAll _c1943 |
||
| 300 | _a726p; | ||
| 505 | _aIntroduction (Page-1), Freehand Technical Lettering (Page-5), Drawing Equipment (Page-27), Engineering Geometry (Page-59), The Theory of Projection (Page-91), Multi View Representation and Conventional (Page-99), Freehand Drafting (Page-115), Auxiliary Views (Page-171), Sectional Views (Page-207), Developments and Intersect Ions (Page-231), Pictorial Drawing (Page-273), Pictorial Sketching (Page-317), Shop Processes and Shop Terms (Page-333), Representation and Specification (Page-353), Size Desperation (Page-383), Design and Communication Drawing (Page-427),Machine Elements (Page-479),Piping Drawings (Page-495), Welding Drawings (Page-509), Tools Design and Tools Drawings (Page-519), Electronic Drawings (Page-537), Structural Drawings (Page-561), Architecture Drawings (Page-581), Topographic and Engineering Map Drawings (Page-601), Engineering Graphs and Charts (Page-615), Shade Lining and Surface Shading (Page-637), Patent Office Drawings (Page-643), Reproduction and Duplication of Engineering Drawings (Page-651). | ||
| 942 |
_2ddc _cBK |
||
| 999 |
_c193503 _d193503 |
||